Bandiere che Rivelano Bandiere #1 - Statistics

Statistiche generali
  • Questo quiz è stato fatto 6.774 volte
  • Il punteggio medio è 17 su 21
Risposte nella Mappa
Le risposte nella mappa del quiz sottostante sono codificate secondo una scala di colori dal rosso al verde in base alla % di persone che hanno risposto correttamente.
 
Statistiche sulle risposte
Risposta % Corretto
Giappone
99%
Portogallo
97%
Italia
96%
Grecia
95%
Algeria
93%
Repubblica Ceca
91%
Vietnam
91%
Panama
90%
Uruguay
90%
Ucraina
88%
Bhutan
85%
Singapore
84%
Uganda
82%
Perù
81%
Costa d'Avorio
80%
Palau
70%
Botswana
69%
Yemen
66%
Antigua e Barbuda
64%
Zambia
64%
Repubblica Centrafricana
63%
Nessun quiz corrispondente trovato
Distribuzione punteggi
Percentuale di utenti per punteggio
Percentile per numero di risposta
I tuoi punteggi nel tempo
Non hai fatto questo quiz